Derecho y justicia. Lo suyo de cada uno, vigencia del Derecho Natural.
Guardat en:
| Autor principal: | |
|---|---|
| Format: | Llibre |
| Idioma: | espanyol |
| Publicat: |
Santiago, Chile:
Jurídica de Chile,
2010.
|
| Matèries: | |
| Etiquetes: |
Afegir etiqueta
Sense etiquetes, Sigues el primer a etiquetar aquest registre!
|
MARC
| LEADER | 00000nam a2200000 a 4500 | ||
|---|---|---|---|
| 001 | UCG4647 | ||
| 003 | CL-VaPUC | ||
| 005 | 20220822114401.0 | ||
| 008 | 101118e20101000CL |||||||||||||||||spa|d | ||
| 999 | |c 343318 |d 343316 | ||
| 020 | |a 978-956-10-2052-8 | ||
| 040 | |c Pontificia Universidad Católica de Valparaíso | ||
| 082 | 0 | 4 | |a 340.112 IBA 2010 |2 21 |
| 100 | |a Ibáñez Santa María, Gonzalo |e autor |9 617146 | ||
| 245 | 1 | 0 | |a Derecho y justicia. |b Lo suyo de cada uno, vigencia del Derecho Natural. |
| 260 | |a Santiago, Chile: |b Jurídica de Chile, |c 2010. | ||
| 300 | |a 460 páginas. | ||
| 500 | |a c.2 Donación Familia Prof. Alejandro Guzmán Brito. | ||
| 583 | |a last modification |c 20101118 00:00:00 |k Rodrigo Vera | ||
| 650 | 0 | |a Derecho natural |9 255041 | |
| 650 | 0 | |a Ley de matrimonio civil |2 CL-VaPUC |9 524871 | |
| 650 | 0 | |a Pacto social |2 CL-VaPUC |9 403242 | |
| 942 | |c BK |2 ddc |n 0 | ||
| 945 | |d 20101118 00:00:00 |a mfarfan | ||
| 952 | |0 0 |1 0 |4 0 |6 340_112000000000000_IBA_2010 |7 0 |8 A |9 440543 |a BIBDER |b BIBDER |d 2019-11-22 |i 4735544 |l 1 |o 340.112 IBA 2010 |p 4735544 |r 2024-09-30 |s 2024-09-26 |w 2019-11-22 |y BK |k DER | ||
| 952 | |0 0 |1 0 |2 ddc |4 0 |6 340_112000000000000_IBA_2010 |7 1 |8 C_AGB |9 580760 |a BIBDER |b BIBDER |d 2022-01-21 |e Donación |i 5641020 |l 1 |o 340.112 IBA 2010 |p 5641020 |r 2023-08-23 |s 2023-08-23 |t 2 |w 2022-01-21 |y BK_US |k AGB | ||